000 00505nam a2200193Ia 4500
003 GCL
008 140319s9999 xx 000 0 eng d
040 _aGCL /
_cGCL
082 0 4 _a628
_bB E
100 1 _aBOEKER EGBERT
245 1 0 _aENVIRONMENTAL PHYSICS /
_cBOEKER EGBERT
700 1 _aVAN GRONDELLE, RIENK
260 _a[S.N] :
_bJOHN WILEY AND SONS. INC ،
_c1994
300 _a448\P
650 0 4 _aATMOSPHERIC PHYSICS
650 0 4 _aPHYSICS
650 0 4 _aENVIRONMENTAL SCIENCE
942 _2ddc
_cBK
999 _c23511
_d23511